Banderas… Pero Embrujadas - Estadísticas

Estadísticas generales
  • Esta prueba ha sido intentada 28 veces
  • La puntuación promedio es 14 de 16
Estadísticas de respuestas
Imagen Respuesta % Correcto
Canadá
100%
Corea del Sur
100%
Estados Unidos
100%
Bangladés
96%
Portugal
96%
Argelia
93%
Australia
89%
Uruguay
89%
Filipinas
86%
Jordania
86%
Kazajistán
82%
Kenia
82%
Irán
79%
Papúa Nueva Guinea
79%
Georgia
57%
Yibuti
57%
No se encontraron pruebas coincidentes
Distribución de puntuación
Porcentaje de gente con cada puntuación
Porcentaje por número respondido
Historial de tus puntuaciones
No has intentado esta prueba.